|
|
|
|
| LEADER |
00000cas a2200000 i 4500 |
| 003 |
Ucuenca |
| 005 |
20230308230149.0 |
| 006 |
a||||gr|||| 001 | |
| 007 |
ta |
| 008 |
181011s1980 ck |r|p|r|||| 00| 0 spa a |
| 040 |
|
|
|b spa
|a UCuenca-cdrjbv
|c UCuenca
|e rda
|
| 041 |
0 |
|
|a spa
|
| 082 |
0 |
|
|2 22
|a 980.05
|b C766r
|c 350600
|
| 110 |
2 |
|
|a Secretaría Ejecutiva Permanente del Convenio Andrés Bello.
|9 230065
|e autor
|
| 245 |
0 |
0 |
|a Revista del Convenio Andrés Bello /
|c Secretaría Ejecutiva Permanente del Convenio "Andrés Bello".
|
| 250 |
|
|
|a Primera edición.
|
| 264 |
|
1 |
|a Colombia:
|b SECAB,
|c agosto 1980.
|
| 300 |
|
|
|a 154 páginas:
|b ilu
|c 23 cm
|
| 336 |
|
|
|2 rdacontent
|a texto
|b txt
|
| 337 |
|
|
|2 rdamedia
|a no mediado
|b n
|
| 338 |
|
|
|2 rdacarrier
|a volumen
|b nc
|
| 362 |
|
|
|a año 4, no.9 (agosto 1980)
|
| 504 |
|
|
|a incl. bibind.
|
| 505 |
1 |
|
|a Los retratos de Bello -- Discurso inaugural de la Universidad de Chile -- Universidad e integración -- La Escuela Regional de Museología -- Visión de la Cultura Chilena -- Materiales educativos -- La Unesco y el Convenio Andrés Bello -- Política de desarrollo científico y tecnológico del Ecuador -- Tecnologías intermedias -- etc.
|
| 650 |
1 |
7 |
|a Revista de Historia
|9 176616
|2 UCuenca-cdrjbv
|
| 650 |
1 |
7 |
|9 1341
|a Colombia
|2 UCuenca-cdrjbv
|
| 651 |
|
|
|2 UCuenca-cdrjbv
|
| 942 |
|
|
|2 ddc
|c SER
|z ivan.verdugo@ucuenca.edu.ec
|r bladimir.cabrerar@ucuenca.edu.ec
|
| 999 |
|
|
|c 155517
|d 155517
|